| 000 | 00608nam a22001457a 4500 | ||
|---|---|---|---|
| 005 | 20230616154705.0 | ||
| 008 | 230425b xxu||||| |||| 00| 0 eng d | ||
| 082 |
_a004.678 _bHUT |
||
| 100 | _aMahadevayya | ||
| 245 |
_aಆವಿಷ್ಕಾರದ ಸಾಧನ: ರಾಸ್ ಬೆರ್ರಿ ಪೈ _bAavishkarad Sadhan: Rass Berri Pai _cMahadevayya |
||
| 260 |
_aBelagavi _bPrasaranga, Visveswaraya Technological University ( VTU ) _c2021 |
||
| 300 | _a96p. | ||
| 440 | _aJanpriya Taantrika Shikshana Maale (ಜನಪ್ರಿಯ ತಾಂತ್ರಿಕ ಶಿಕ್ಷಣ ಮಾಲೆ) | ||
| 650 | _aGeneral | ||
| 999 |
_c11632 _d11632 |
||